| 000 | 00832cab a2200169 4500 | ||
|---|---|---|---|
| 001 | ##L131606 | ||
| 008 | 051118n2005 000 0 eng u | ||
| 035 | _a(Sirsi) u131606 | ||
| 041 | 0 | _aeng | |
| 100 | 1 | _aEade, Christian | |
| 245 | 0 | 0 | _aRegional report: Scandinavian markets |
| 260 | _c2005 | ||
| 490 | 0 |
_aProperty Week _v70(43) 28 October 2005, 73-80(6) |
|
| 520 | _aConsiders the impact of high vacancy rates and low rental growth on investments in Stockholm; the failure of Heron City, Stockholm's family entertainment centre; fears of overstocking in Helsinki being caused by the development of a large shopping centre; and how developers in Oslo have managed to surpass the country's strict planning laws to build new shopping centres. | ||
| 690 | _aPROPERTY-COMMERCIAL PROPERTY-COMMERCIAL PROPERTY MARKET | ||
| 942 | _n0 | ||
| 999 |
_c76192 _d76192 |
||